[Event "3rd Poland-Ukraine Academic Match"]
[Site "Katowice, POL"]
[Date "2014.10.09"]
[Round "4.1"]
[White "Sadzikowski, Daniel"]
[Black "Baryshpolets, Andrey"]
[Result "1/2-1/2"]
[WhiteElo "2496"]
[BlackElo "2545"]
[PlyCount "93"]
[EventDate "2014.10.07"]
[EventType "match"]
[EventRounds "4"]
[EventCountry "POL"]

1. d4 d5 2. c4 e6 3. Nc3 Be7 4. Nf3 Nf6 5. Bg5 h6 6. Bh4 O-O 7. e3 b6 8. Bd3
Bb7 9. O-O Nbd7 10. Qe2 Ne4 11. Bg3 c5 12. cxd5 exd5 13. dxc5 Nxc3 14. bxc3
Nxc5 15. Rfd1 Bf6 16. Nd4 Nxd3 17. Qxd3 Rc8 18. Nb5 Ba6 19. Qxd5 Qxd5 20. Rxd5
Bxb5 21. Rxb5 Rxc3 22. Be5 Bxe5 23. Rxe5 Rfc8 24. g3 Rc1+ 25. Rxc1 Rxc1+ 26.
Kg2 Ra1 27. Re8+ Kh7 28. Re7 Rxa2 29. Rxf7 a5 30. Rb7 Rb2 31. Ra7 Kg6 32. g4
Kf6 33. h4 g6 34. Kg3 Rb3 35. Kf4 g5+ 36. hxg5+ hxg5+ 37. Ke4 Rb4+ 38. Kd5 Rxg4
39. e4 Rg1 40. e5+ Kg6 41. e6 Rd1+ 42. Ke5 g4 43. Ra8 Re1+ 44. Kd6 Rd1+ 45. Ke5
Re1+ 46. Kd6 Rd1+ 47. Ke5 1/2-1/2

[Event "3rd Poland-Ukraine Academic Match"]
[Site "Katowice, POL"]
[Date "2014.10.09"]
[Round "4.2"]
[White "Razin, Vadim"]
[Black "Kanarek, Marcel"]
[Result "0-1"]
[WhiteElo "2309"]
[BlackElo "2479"]
[PlyCount "102"]
[EventDate "2014.10.07"]
[EventType "match"]
[EventRounds "4"]
[EventCountry "POL"]

1. d4 Nf6 2. Nf3 g6 3. Bg5 Bg7 4. Nbd2 d5 5. e3 O-O 6. Bd3 c5 7. c3 b6 8. Qe2
Bb7 9. O-O Ne4 10. Bf4 Nd7 11. Rad1 Rc8 12. Bb1 Nxd2 13. Rxd2 Qe8 14. e4 cxd4
15. cxd4 dxe4 16. Bxe4 Bxe4 17. Qxe4 Nf6 18. Qb7 Qd7 19. Qxd7 Nxd7 20. d5 Rfd8
21. Rfd1 Nf6 22. g3 Rc5 23. d6 e6 24. b4 Rc3 25. Nd4 Rd7 26. b5 Ne4 27. Nc6
Nxd2 28. Rxd2 Kf8 29. Nxa7 e5 30. Bg5 Ke8 31. Nc6 f6 32. Be3 Bf8 33. Bxb6 Rxd6
34. Rxd6 Bxd6 35. a4 Bc5 36. a5 Kd7 37. Kf1 Bxb6 38. axb6 Rxc6 39. bxc6+ Kxc6
40. Ke2 Kxb6 41. Ke3 Kc5 42. Ke4 Kd6 43. f3 f5+ 44. Kd3 Kd5 45. Ke3 Ke6 46. Kd3
Kd5 47. Ke3 e4 48. g4 fxg4 49. fxg4 Ke5 50. h4 h6 51. h5 g5 0-1

[Event "3rd Poland-Ukraine Academic Match"]
[Site "Katowice, POL"]
[Date "2014.10.09"]
[Round "4.3"]
[White "Warakomski, Tomasz"]
[Black "Gerasimenyk, Mikhail"]
[Result "1-0"]
[WhiteElo "2462"]
[BlackElo "2176"]
[PlyCount "117"]
[EventDate "2014.10.07"]
[EventType "match"]
[EventRounds "4"]
[EventCountry "POL"]

1. e4 c6 2. d4 d5 3. e5 c5 4. dxc5 Nc6 5. Nf3 Bg4 6. Bb5 e6 7. Be3 Nge7 8. c3
a6 9. Ba4 Ng6 10. Bxc6+ bxc6 11. Qa4 Bxf3 12. Qxc6+ Ke7 13. Qd6+ Ke8 14. Qxd8+
Rxd8 15. gxf3 Nxe5 16. b4 Be7 17. Nd2 Bf6 18. Bd4 Nd3+ 19. Ke2 Nf4+ 20. Kd1
Bxd4 21. cxd4 Nd3 22. Rg1 Nxb4 23. Rxg7 Ke7 24. Nb3 Nc6 25. Kd2 a5 26. Kc3 Rb8
27. Rgg1 Rhg8 28. a3 Rg6 29. Rab1 Rf6 30. Nxa5 Rxf3+ 31. Kd2 Rc8 32. Nxc6+ Rxc6
33. Rb7+ Kf6 34. a4 Ra6 35. Ra1 Rxf2+ 36. Kc3 Ra8 37. a5 Rf3+ 38. Kb4 Rf4 39.
Kb5 Rxd4 40. a6 Rc4 41. Rf1+ Ke5 42. Rfxf7 Rc2 43. a7 d4 44. Rfd7 Ke4 45. c6 d3
46. Rd6 d2 47. Rbd7 Rb2+ 48. Kc5 Rc2+ 49. Kb4 d1=Q 50. Rxd1 Rxc6 51. Rxh7 Rac8
52. Ra1 Rb6+ 53. Ka5 Rb2 54. Rc7 Rd8 55. Rc4+ Ke5 56. Rc5+ Kf6 57. h4 Rb3 58.
Rb5 Ra8 59. Rf1+ 1-0

[Event "3rd Poland-Ukraine Academic Match"]
[Site "Katowice, POL"]
[Date "2014.10.09"]
[Round "4.5"]
[White "Chlost, Marlena"]
[Black "Kalinina, Olga"]
[Result "1-0"]
[WhiteElo "2188"]
[BlackElo "2259"]
[PlyCount "145"]
[EventDate "2014.10.07"]
[EventType "match"]
[EventRounds "4"]
[EventCountry "POL"]

1. e4 c5 2. Nf3 e6 3. d4 cxd4 4. Nxd4 a6 5. Bd3 Qc7 6. O-O Nc6 7. Nxc6 dxc6 8.
c4 e5 9. Be3 Nf6 10. h3 Be6 11. c5 Be7 12. Nd2 a5 13. Qc2 Nd7 14. Rfd1 O-O 15.
b3 Rfd8 16. Bf1 Qb8 17. a3 Qa7 18. Rac1 Qb8 19. Qc3 h6 20. b4 axb4 21. axb4 b5
22. cxb6 Nxb6 23. Qxc6 Na4 24. Ba6 Nb2 25. Rf1 Qxb4 26. Rb1 Rab8 27. Qc1 Bg5
28. Bxg5 hxg5 29. Nf3 f6 30. Qe3 Qa4 31. Ra1 Qb3 32. Ra3 Qxe3 33. Rxe3 Rb4 34.
Rb1 Ba2 35. Ra1 Bf7 36. Ne1 Rbd4 37. Nc2 Rd2 38. Nb4 Nd1 39. Re2 Rxe2 40. Bxe2
Nc3 41. Bf3 Bg6 42. Nd5 Nxd5 43. exd5 Kf8 44. Ra5 Bd3 45. Bg4 f5 46. Bh5 Ke7
47. Rc5 Kd6 48. Rc3 e4 49. Bf7 Ke5 50. Rc6 f4 51. Re6+ Kd4 52. Rg6 e3 53. fxe3+
fxe3 54. Rxg5 Rd6 55. Be6 g6 56. Rg4+ Kc3 57. Ra4 Bc4 58. g4 Kd2 59. Rxc4 e2
60. Re4 e1=Q+ 61. Rxe1 Kxe1 62. Kg2 Rd8 63. Kg3 Ke2 64. Kf4 Kf2 65. Kg5 Kg3 66.
Kxg6 Kxh3 67. g5+ Kh4 68. Kf6 Rf8+ 69. Bf7 Ra8 70. g6 Ra6+ 71. Be6 Ra1 72. g7
Rf1+ 73. Ke7 1-0

[Event "3rd Poland-Ukraine Academic Match"]
[Site "Katowice, POL"]
[Date "2014.10.09"]
[Round "4.6"]
[White "Antoshkiv, Anastasiya"]
[Black "Gasik, Anna"]
[Result "0-1"]
[WhiteElo "1827"]
[BlackElo "2233"]
[PlyCount "52"]
[EventDate "2014.10.07"]
[EventType "match"]
[EventRounds "4"]
[EventCountry "POL"]

1. e4 Nf6 2. Nc3 d5 3. exd5 Nxd5 4. Nxd5 Qxd5 5. Nf3 Bg4 6. Be2 Nc6 7. O-O e5
8. d3 Be7 9. h3 Bf5 10. Bg5 f6 11. Be3 g5 12. Nd2 Nd4 13. Bxd4 Qxd4 14. Bf3 c6
15. Ne4 Bg6 16. Ng3 f5 17. Re1 O-O-O 18. c3 Qd6 19. Qa4 Kb8 20. Rad1 h5 21. b4
g4 22. hxg4 hxg4 23. Be2 f4 24. Ne4 Bxe4 25. dxe4 Qh6 26. Rxd8+ Bxd8 0-1

[Event "3rd Poland-Ukraine Academic Match"]
[Site "Katowice, POL"]
[Date "2014.10.09"]
[Round "4.7"]
[White "Walter, Szymon"]
[Black "Skliarov, Viktor"]
[Result "1-0"]
[WhiteElo "2135"]
[BlackElo "2327"]
[PlyCount "47"]
[EventDate "2014.10.07"]
[EventType "match"]
[EventRounds "4"]
[EventCountry "POL"]

1. e4 c5 2. Nc3 Nc6 3. f4 g6 4. Nf3 Bg7 5. Bb5 Nd4 6. O-O a6 7. Bc4 b5 8. Bd5
Rb8 9. d3 e6 10. Bb3 Bb7 11. Nxd4 Bxd4+ 12. Kh1 Ne7 13. Qe1 O-O 14. f5 d5 15.
f6 Nf5 16. exf5 exf5 17. Bg5 h6 18. Bxh6 Re8 19. Qg3 c4 20. Rxf5 Bxf6 21. Raf1
Bh4 22. Qg4 Bc8 23. Qd4 f6 24. Rxd5 1-0

[Event "3rd Poland-Ukraine Academic Match"]
[Site "Katowice, POL"]
[Date "2014.10.09"]
[Round "4.8"]
[White "Shumilov, Illya"]
[Black "Kowalczyk, Rafal"]
[Result "1/2-1/2"]
[WhiteElo "2313"]
[BlackElo "2178"]
[PlyCount "60"]
[EventDate "2014.10.07"]
[EventType "match"]
[EventRounds "4"]
[EventCountry "POL"]

1. d4 d5 2. Nf3 e6 3. e3 Nf6 4. Bd3 Bd6 5. Nbd2 Nbd7 6. O-O O-O 7. e4 dxe4 8.
Nxe4 Nxe4 9. Bxe4 Nf6 10. Bd3 b6 11. Bg5 Bb7 12. Qe2 h6 13. Bd2 Re8 14. Rad1
Qe7 15. Ne5 c5 16. dxc5 Bxc5 17. a3 Red8 18. c4 Bd4 19. Bb4 Qc7 20. Nf3 Ng4 21.
Be4 Bxf2+ 22. Kh1 Rxd1 23. Rxd1 Be3 24. Bd6 Rd8 25. Bxc7 Rxd1+ 26. Ne1 Nf2+ 27.
Kg1 Bd4 28. Bxb7 Ne4+ 29. Kh1 Nf2+ 30. Kg1 Ne4+ $11 1/2-1/2

[Event "3rd Poland-Ukraine Academic Match"]
[Site "Katowice, POL"]
[Date "2014.10.09"]
[Round "4.9"]
[White "Paszewski, Mateusz"]
[Black "Skliarov, Oleksandr"]
[Result "1/2-1/2"]
[WhiteElo "2148"]
[BlackElo "2101"]
[PlyCount "155"]
[EventDate "2014.10.07"]
[EventType "match"]
[EventRounds "4"]
[EventCountry "POL"]

1. c4 e6 2. g3 h5 3. h4 d5 4. Nf3 c6 5. Qc2 Bd6 6. Bg2 Nd7 7. d4 Ngf6 8. Nbd2
O-O 9. O-O e5 10. cxd5 cxd5 11. dxe5 Nxe5 12. Nxe5 Bxe5 13. Nf3 Qc7 14. Qb3 Be6
15. Nxe5 Qxe5 16. Qe3 Qxe3 17. Bxe3 a6 18. Rac1 Rfc8 19. Bd4 Ne4 20. Rfd1 Rxc1
21. Rxc1 Rc8 22. Rxc8+ Bxc8 23. Kf1 Bd7 24. Ke1 g6 25. Be5 f6 26. Bc7 Kf7 27.
f3 Nc5 28. Kd2 Bb5 29. Bb6 Nd7 30. Bd4 Ke6 31. Bh3+ Ke7 32. b3 Ne5 33. Ke3 Bd7
34. Bc5+ Ke8 35. Bg2 Be6 36. Bd4 Ke7 37. Kd2 Kd6 38. Kc3 Bf5 39. b4 b5 40. e3
Bb1 41. Bxe5+ fxe5 42. a3 Bf5 43. Bf1 Bd7 44. Bd3 Bf5 45. Be2 Bd7 46. Bd1 Ke7
47. Be2 Kd6 48. a4 Kc6 49. axb5+ axb5 50. Bd3 Bf5 51. Bf1 Bd7 52. Be2 Kd6 53.
Bd3 Be8 54. Bc2 Bf7 55. Bd1 Be8 56. Be2 Bd7 57. Bf1 Ke7 58. Bg2 Kd6 59. f4 Be6
60. Bf1 Bd7 61. Bd3 Be8 62. Be2 Ke6 63. g4 Kd6 64. Kd3 Bf7 65. g5 Be6 66. Kc3
Bd7 67. Bd3 Be8 68. f5 gxf5 69. Bxf5 Ke7 70. Kd3 Bd7 71. Bg6 Be8 72. Bh7 Kf8
73. Bf5 Kf7 74. Bc8 Bc6 75. Bh3 Kg6 76. Kc3 Kf7 77. Bf5 Kg7 78. Kd2 1/2-1/2

[Event "3rd Poland-Ukraine Academic Match"]
[Site "Katowice, POL"]
[Date "2014.10.09"]
[Round "4.11"]
[White "Botor, Michalina"]
[Black "Petrova, Irina"]
[Result "0-1"]
[WhiteElo "1818"]
[BlackElo "2107"]
[PlyCount "74"]
[EventDate "2014.10.07"]
[EventType "match"]
[EventRounds "4"]
[EventCountry "POL"]

1. c4 d6 2. Nc3 e5 3. d3 g6 4. g3 Bg7 5. Bg2 f5 6. Nf3 Nf6 7. O-O Nc6 8. Bd2
O-O 9. a3 Kh8 10. Ne1 Be6 11. Nc2 Qd7 12. b4 Rae8 13. Rb1 f4 14. Nd5 Ne7 15.
Nxe7 Rxe7 16. Bc3 Bh3 17. Qd2 Ref7 18. f3 Bh6 19. Qe1 fxg3 20. hxg3 Nh5 21. Kh2
Bxg2 22. Kxg2 Bf4 23. g4 Nf6 24. Qh4 h6 25. Rh1 Rh7 26. e3 Bg5 27. Qg3 Kg8 28.
b5 Rhf7 29. Rbf1 Ne8 30. Rf2 Ng7 31. Rhf1 Ne6 32. Re2 Nc5 33. Ne1 e4 34. f4
exd3 35. Nxd3 Nxd3 36. Rd1 Nc5 37. fxg5 Ne4 0-1

[Event "3rd Poland-Ukraine Academic Match"]
[Site "Katowice, POL"]
[Date "2014.10.09"]
[Round "4.12"]
[White "Korniyuk, Mariya"]
[Black "Brozek, Ewa"]
[Result "1-0"]
[WhiteElo "2107"]
[BlackElo "1715"]
[PlyCount "57"]
[EventDate "2014.10.07"]
[EventType "match"]
[EventRounds "4"]
[EventCountry "POL"]

1. e4 c5 2. c3 d5 3. exd5 Qxd5 4. d4 Nc6 5. Nf3 Nf6 6. Be3 cxd4 7. cxd4 Bg4 8.
Nc3 Qa5 9. Be2 e6 10. O-O Be7 11. Qb3 Qc7 12. h3 Bh5 13. d5 exd5 14. Nxd5 Nxd5
15. Qxd5 Bg6 16. Bb5 O-O 17. Rac1 Rfd8 18. Qb3 a6 19. Bxc6 bxc6 20. Bb6 Qf4 21.
Bxd8 Rxd8 22. Qe3 Qb4 23. Rxc6 Bf6 24. b3 h6 25. Qb6 Qf4 26. Qc7 Qf5 27. Rxa6
Rd3 28. Ra8+ Kh7 29. Qc8 1-0

[Event "3rd Poland-Ukraine Academic Match"]
[Site "Katowice, POL"]
[Date "2014.10.09"]
[Round "4.14"]
[White "Zavgorodniy, Sergiy"]
[Black "Piesik, Piotr"]
[Result "1-0"]
[WhiteElo "2429"]
[BlackElo "2259"]
[PlyCount "127"]
[EventDate "2014.10.07"]
[EventType "match"]
[EventRounds "4"]
[EventCountry "POL"]

1. d4 d5 2. Nc3 e6 3. Bf4 Bd6 4. e3 Ne7 5. Bd3 Ng6 6. Bxd6 Qxd6 7. h4 Ne7 8.
Nf3 Nd7 9. Qd2 c5 10. e4 cxd4 11. Nb5 Qb6 12. e5 Nxe5 13. Nxe5 f6 14. Nf3 e5
15. O-O-O a6 16. Nbxd4 exd4 17. Rde1 Qd6 18. Nxd4 O-O $11 19. h5 Nc6 20. Nf5
Bxf5 21. Bxf5 Rfe8 22. Kb1 Re5 23. Rxe5 fxe5 24. Qd3 h6 25. Rd1 d4 26. Qb3+ Kh8
27. Qxb7 Rf8 28. Bd3 Nb4 29. Be4 a5 30. f3 Qe6 31. b3 Qd6 32. Qb5 Qc7 33. a3
Rb8 34. Qa4 Na6 35. Qc6 Qxc6 36. Bxc6 Nc5 37. Re1 d3 38. cxd3 Nxb3 39. Ka2 Nd4
40. Ba4 Nb5 41. Rc1 Nd4 42. Rc5 Ne2 43. Bd1 Nf4 44. Bc2 Rd8 45. Rxa5 Nxd3 46.
Bxd3 Rxd3 47. Rxe5 Rd2+ 48. Kb3 Rxg2 49. a4 Rg3 50. a5 Rxf3+ 51. Kb4 g5 52.
hxg6 Kg7 53. Re6 Rf2 54. a6 Ra2 55. Kb5 h5 56. Kb6 h4 57. a7 h3 58. Re3 h2 59.
Rh3 Rb2+ 60. Kc5 Rc2+ 61. Kd4 Rd2+ 62. Kc3 Ra2 63. Rxh2 Ra1 64. Kb3 1-0

[Event "3rd Poland-Ukraine Academic Match"]
[Site "Katowice, POL"]
[Date "2014.10.09"]
[Round "4.16"]
[White "Kulishenko, Artur"]
[Black "Kastelik, Adrian"]
[Result "1/2-1/2"]
[WhiteElo "1905"]
[BlackElo "2115"]
[PlyCount "76"]
[EventDate "2014.10.07"]
[EventType "match"]
[EventRounds "4"]
[EventCountry "POL"]

1. e4 e5 2. Nf3 Nc6 3. Nc3 Nf6 4. d4 exd4 5. Nxd4 Bb4 6. Nxc6 bxc6 7. Bd3 d5 8.
exd5 cxd5 9. O-O O-O 10. Bg5 c6 11. Qf3 Bd6 12. h3 Be5 13. Rfe1 Qd6 14. Re2 h6
15. Bh4 Rb8 16. Rxe5 Qxe5 17. Bg3 Qe7 18. Bxb8 Qb4 19. Be5 Nd7 20. Qf4 Qxb2 21.
Rb1 Qa3 22. Rb3 Qe7 23. Bd6 Qe1+ 24. Kh2 Re8 25. Qf3 Qe6 26. Bg3 Nc5 27. Rb1 d4
28. Nd1 Qxa2 29. Rb8 Bd7 30. Rxe8+ Bxe8 31. Qf5 Nxd3 32. Qxd3 c5 33. c3 Qb3 34.
Qf3 Ba4 35. Qa8+ Kh7 36. Qe4+ Kg8 37. Qa8+ Kh7 38. Qe4+ Kg8 1/2-1/2

[Event "3rd Poland-Ukraine Academic Match"]
[Site "Katowice, POL"]
[Date "2014.10.09"]
[Round "4.17"]
[White "Warakomska, Anna"]
[Black "Zingaylo, Anastasiya"]
[Result "1-0"]
[WhiteElo "2223"]
[BlackElo "2054"]
[PlyCount "59"]
[EventDate "2014.10.07"]
[EventType "match"]
[EventRounds "4"]
[EventCountry "POL"]

1. e4 c5 2. Nf3 d6 3. d4 cxd4 4. Nxd4 Nf6 5. Nc3 g6 6. Bc4 Bg7 7. O-O a6 8. Bb3
b5 9. Re1 Bb7 10. Bg5 Nbd7 11. Nd5 h6 12. Bh4 e6 13. Nxf6+ Bxf6 14. Bxf6 Nxf6
15. Qd3 O-O 16. Rad1 d5 17. exd5 Bxd5 18. Qh3 Kh7 19. Bxd5 exd5 20. Qb3 Qd6 21.
Nf3 Rfe8 22. h3 Qf4 23. g3 Qf5 24. Kg2 Rxe1 25. Rxe1 Ne4 26. Qe3 Re8 27. Qd4
Re6 28. g4 Qf4 29. Qxd5 h5 30. Rxe4 1-0

[Event "3rd Poland-Ukraine Academic Match"]
[Site "Katowice, POL"]
[Date "2014.10.09"]
[Round "4.18"]
[White "Borisenko, Svetlana"]
[Black "Leks, Hanna"]
[Result "0-1"]
[WhiteElo "1733"]
[BlackElo "2198"]
[PlyCount "110"]
[EventDate "2014.10.07"]
[EventType "match"]
[EventRounds "4"]
[EventCountry "POL"]

1. d4 Nf6 2. Nc3 d6 3. Bf4 Nbd7 4. Nf3 g6 5. Qd2 Bg7 6. Bh6 O-O 7. Bxg7 Kxg7 8.
O-O-O c5 9. e4 Qc7 10. Re1 cxd4 11. Qxd4 Qc5 12. Nd5 e6 13. Nc3 a6 14. h3 b5
15. g4 Bb7 16. Bg2 Rac8 17. g5 Qxd4 18. Nxd4 Nh5 19. Bf3 b4 20. Nb1 Ne5 21. Re3
Nf4 22. Kd1 Rc4 23. Ne2 Nxe2 24. Bxe2 Rxe4 25. Re1 Rxe3 26. fxe3 Nf3 27. Bxf3
Bxf3+ 28. Kd2 h6 29. Rg1 hxg5 30. Rxg5 f5 31. Rg3 Be4 32. Rg1 Rh8 33. c3 Bxb1
34. Rxb1 bxc3+ 35. Kxc3 Rxh3 36. Kd2 g5 37. a4 Kf6 38. a5 Rh7 39. b4 Rb7 40. b5
axb5 41. Kc3 Ra7 42. Kb4 f4 43. Rf1 Ke5 44. exf4+ gxf4 45. Kxb5 Kf5 46. Rd1 f3
47. Kb6 Ra8 48. a6 e5 49. Rxd6 f2 50. Rd1 e4 51. Kb7 Rxa6 52. Kxa6 e3 53. Rf1
Kg4 54. Kb5 Kg3 55. Kc4 e2 0-1

[Event "3rd Poland-Ukraine Academic Match"]
[Site "Katowice, POL"]
[Date "2014.10.09"]
[Round "4.20"]
[White "Davymuka, Roman"]
[Black "Mroziak, Maciej"]
[Result "1-0"]
[WhiteElo "2133"]
[BlackElo "2321"]
[PlyCount "137"]
[EventDate "2014.10.07"]
[EventType "match"]
[EventRounds "4"]
[EventCountry "POL"]

1. d4 Nf6 2. Nf3 g6 3. g3 Bg7 4. Bg2 O-O 5. O-O d5 6. c4 dxc4 7. Ne5 Nc6 8.
Nxc6 bxc6 9. Bxc6 Bh3 10. Re1 Rb8 11. Na3 Qd6 12. Bf3 Qb4 13. Nc2 $11 Qb6 14.
Na3 Rfd8 15. Nxc4 Qb4 16. Ne5 Rxd4 17. Nd3 Qa5 18. Bd2 Qf5 19. Rc1 e5 20. Bc3
Rd7 21. Bxe5 Rbd8 22. Bxf6 Bxf6 23. Qa4 Rd4 24. Rc4 Qe6 25. Rec1 c5 26. Rxd4
Rxd4 27. Qxa7 Qd6 28. Qxc5 Qd8 29. Qc7 Qf8 30. Nf4 Bf5 31. Nd5 Bg5 32. e3 Rd3
33. Qe5 Qg7 34. Qxg7+ Kxg7 35. Rd1 Be4 36. Rxd3 Bxd3 37. b4 Bb5 38. Nc3 Bd7 39.
b5 Bf6 40. Bc6 Bxc3 41. Bxd7 Ba5 42. f4 Kf6 43. Kf2 Ke7 44. Bc6 h6 45. Kf3 Kd6
46. a4 Bb6 47. Ke4 Ke6 48. Bd5+ Ke7 49. Bb3 f6 50. h3 Kd6 51. Kd3 Kc5 52. g4
Kb4 53. Bc2 g5 54. Bd1 Ka5 55. fxg5 hxg5 56. Ke4 Bd8 57. Kd5 Bb6 58. e4 Bf2 59.
Kc6 Be3 60. Kd5 Bf2 61. Ke6 Bd4 62. Kf5 Bc3 63. Kg6 Be5 64. Kh5 Bg3 65. Bc2 Bf2
66. e5 fxe5 67. Kxg5 e4 68. Bxe4 Kxa4 69. Bc6 1-0

[Event "3rd Poland-Ukraine Academic Match"]
[Site "Katowice, POL"]
[Date "2014.10.09"]
[Round "4.21"]
[White "Dudys, Jakub"]
[Black "Panchyshyn, Taras"]
[Result "1/2-1/2"]
[WhiteElo "2122"]
[BlackElo "2141"]
[PlyCount "125"]
[EventDate "2014.10.07"]
[EventType "match"]
[EventRounds "4"]
[EventCountry "POL"]

1. e4 e5 2. Nf3 Nc6 3. d4 exd4 4. Bc4 Nf6 5. e5 d5 6. Bb5 Nd7 7. Bxc6 bxc6 8.
O-O Nc5 9. Nxd4 Bd7 10. Be3 Ne6 11. f4 Nxd4 12. Qxd4 Bf5 13. Nc3 Rb8 14. Qxa7
Rxb2 15. Rab1 Rb4 16. a3 Rxb1 17. Rxb1 Be7 18. Rb8 Bc8 19. Qa8 O-O 20. Qxc6 d4
21. Nd5 dxe3 22. Rxc8 e2 23. Nxe7+ Qxe7 24. Rxf8+ Qxf8 25. Kf2 g6 26. Kxe2 Qxa3
27. Qxc7 Qa6+ 28. Kf2 Qa4 29. Kg3 Qa3+ 30. c3 Qc1 31. Qd8+ Kg7 32. Qd4 Qe1+ 33.
Kh3 Kg8 34. c4 h5 35. Qd3 Qf2 36. Qd8+ Kh7 37. Qf6 Qe3+ 38. g3 Qa7 39. Qd6 Qa2
40. c5 h4 41. g4 Qf2 42. Qf6 Qxc5 43. Qxf7+ Kh8 44. e6 Qe3+ 45. Kxh4 Qf2+ 46.
Kg5 Qc5+ 47. f5 Qe3+ 48. Kf6 Qd4+ 49. Ke7 Qb4+ 50. Kd7 Qb7+ 51. Kd8 Qb8+ 52.
Ke7 Qb4+ 53. Kd7 Qb7+ 54. Kd6 Qb6+ 55. Kd5 Qb5+ 56. Kd4 Qb4+ 57. Ke5 Qc5+ 58.
Ke4 Qc4+ 59. Ke3 Qc3+ 60. Kf4 g5+ 61. Kxg5 Qe3+ 62. Kf6 Qg5+ 63. Kxg5 1/2-1/2

[Event "3rd Poland-Ukraine Academic Match"]
[Site "Katowice, POL"]
[Date "2014.10.09"]
[Round "4.23"]
[White "Szczurek, Natalia"]
[Black "Soloviova, Liza"]
[Result "0-1"]
[WhiteElo "1733"]
[BlackElo "2301"]
[PlyCount "64"]
[EventDate "2014.10.07"]
[EventType "match"]
[EventRounds "4"]
[EventCountry "POL"]

1. e4 d6 2. d4 Nf6 3. Nc3 c6 4. Nf3 Nbd7 5. Be2 e5 6. dxe5 dxe5 7. Bg5 h6 8.
Bh4 Be7 9. O-O O-O 10. Bc4 b5 11. Bxf6 Bxf6 12. Bb3 Qc7 13. a4 b4 14. Na2 a5
15. c3 Nc5 16. cxb4 axb4 17. Qc2 Be7 18. Nc1 Ba6 19. Rd1 Rfd8 20. Rxd8+ Rxd8
21. h3 Qd6 22. Kh2 Nxb3 23. Qxb3 c5 24. a5 c4 25. Qc2 Qd1 26. Qxd1 Rxd1 27. b3
c3 28. g3 f6 29. Kg2 Bc5 30. h4 Bd4 31. Nxd4 exd4 32. g4 d3 0-1